El Papel de la investigación en el desarrollo agroindustrial alimentario de Costa Rica

Uloženo v:
Podrobná bibliografie
Hlavní autor: Arias M, L. Fernando
Médium: Text
Vydáno: San Pedro de M. de O.: UCR. CITA
Témata:
Tagy: Přidat tag
Žádné tagy, Buďte první, kdo vytvoří štítek k tomuto záznamu!

MARC

LEADER 00000 a a2200000 04500
001 19243
003
040
090 |a 019600  
100 |a Arias M, L. Fernando  
245 |a El Papel de la investigación en el desarrollo agroindustrial alimentario de Costa Rica  
260 |a San Pedro de M. de O.:   |b UCR. CITA  
300 |a 41 p.  
650 |a MERCOSUR  
650 |a COMERCIO  
650 |a ANALISIS ECONOMICO  
650 |a ASPECTOS SOCIALES  
650 |a ASPECTOS POLITICOS  
650 |a DESARROLLO DEL COMERCIO  
999 |c 2421  |d 2421